01839nam a2200421Ia 4500001001200000003000800012006001900020007001500039008004100054010001700095020002700112020004400139040002100183035002100204050002300225082002400248082002400272100002200296245012300318260005500441300001600496504005100512533015200563650006200715650005700777650007000834650005800904651004800962651004801010651004501058651004601103651004601149651003301195655002901228710001701257856012601274999001701400ebr10643970CaPaEBRm u cr cn|||||||||120905s2013 miu sb s001 0 eng d z 2012033643 z9780472028412 (e-book) z9780472118328 (cloth : acid-free paper) aCaPaEBRcCaPaEBR a(OCoLC)82666010114aDF285b.S74 2013eb04a303.48/2385038422304a303.48/238503842231 aSteinbock, Bernd.10aSocial memory in Athenian public discourseh[electronic resource] :buses and meanings of the past /cBernd Steinbock. aAnn Arbor :bUniversity of Michigan Press,cc2013. axii, 411 p. aIncludes bibliographical references and index. aElectronic reproduction.bPalo Alto, Calif. :cebrary,d2013.nAvailable via World Wide Web.nAccess may be limited to ebrary affiliated libraries. 0aMemoryxSocial aspectszGreecezAthensxHistoryyTo 1500. 0aCollective memoryzGreecezAthensxHistoryyTo 1500. 0aHistoriographyxSocial aspectszGreecezAthensxHistoryyTo 1500. 0aDiscourse analysiszGreecezAthensxHistoryyTo 1500. 0aAthens (Greece)xRelationszGreecezThebes. 0aThebes (Greece)xRelationszGreecezAthens. 0aThebes (Greece)xForeign public opinion. 0aAthens (Greece)xPolitics and government. 0aAthens (Greece)xSocial life and customs. 0aGreecexHistoryyTo 146 B.C. 7aElectronic books.2local2 aebrary, Inc.40uhttp://site.ebrary.com/lib/rucke/Doc?id=10643970zAn electronic book accessible through the World Wide Web; click to view c29837d29837